LEADER 01135nam a2200229 i 4500 001 000000183001 003 CaOOAMICUS 005 20151016000000.0 008 151016s1959 it u000 u fre u 013 $a160962 040 $aSeMil$bita 245 10$aNotice illustrée sur Al-Haram Al-Sharif Jèrusalem :$beditée par la Conseil Suprême des Wakfs. 260 $aJerusalem :$b[s.n.],$c1959$e(Jérusalem :$fOrphalinat Islamique,$g1959) 300 $a9 p. :$bill. ;$c25 cm. 500 $aIn mezzo al front : Les heures d'admission à l'Anceinte Sacrée sont de 7,30 a.m. à 11,30 a.m. Tous les jours excepté le Vendredi. - Fondo card. Giovanni Colombo. 650 4$aGerusalemme - Descrizioni e viaggi.$0(OLS)http://semarc/subject/17110 850 $aSeMil 852 $aSeMil$W1$xVenegono$y1$m3GC VIII 216/33$j133705$B133705$CSeMilBibl$Z2$F206945 $8B 941 1 $a3 961 $aLascito: Colombo Card. Giovanni 996 $6245$aNotice illustrée sur Al-Haram Al-Sharif Jèrusalem :$beditée par la Conseil Suprême des Wakfs$9(OLS)http://semarc/title/262647 996 $6260$aJerusalem :$b[s.n.]$9(OLS)http://semarc/publisher/33444 LEADER 00974nam a2200229 i 4500 001 000000193042 003 CaOOAMICUS 005 20101009000000.0 008 101009s1976 it u000 u ita u 013 $a171681 040 $aSeMil$bita 100 1 $aDi Agresti, Guglielmo.$0(OLS)http://semarc/name/5987 245 10$aAspetti di vita pratese del Cinquecento /$cP. Domenico Guglielmo M. Di Agresti op. 260 $aFirenze :$bLeo S. Olschki,$c1976. 300 $a271 p. ;$c26 cm. 490 0 $aCollana ricciana. Fonti ;$v7.2 600 04$aCaterina : de' Ricci .$0(OLS)http://semarc/subject/2073 830 0$aCollana ricciana. Fonti ;$v7.2.$0(OLS)http://semarc/title/16716 850 $aSeMil 852 $aSeMil$W1$xVenegono$y1$m3J IV 209/2$j143616$B143616$CSeMilBibl$Z2$F155170 $81 996 $6245$aAspetti di vita pratese del Cinquecento$9(OLS)http://semarc/title/278261 996 $6260$aFirenze :$bLeo S. Olschki$9(OLS)http://semarc/publisher/29957